Análisis de pobreza multidimensional y desigualdad de ingresos en México con un enfoque territorial 2008-2018 / (Record no. 218925)
[ view plain ]
| 000 -CABECERA | |
|---|---|
| campo de control de longitud fija | 03074nam a2200301 a 4500 |
| 003 - IDENTIFICADOR DEL NÚMERO DE CONTROL | |
| campo de control | OSt |
| 005 - FECHA Y HORA DE LA ÚLTIMA TRANSACCIÓN | |
| campo de control | 20251105115110.0 |
| 007 - CAMPO FIJO DE DESCRIPCIÓN FÍSICA--INFORMACIÓN GENERAL | |
| campo de control de longitud fija | cr ||||||a|c|a |
| 008 - DATOS DE LONGITUD FIJA--INFORMACIÓN GENERAL | |
| campo de control de longitud fija | 230607s2019 mx a|||fom||| 001 0 spa d |
| 040 ## - FUENTE DE LA CATALOGACIÓN | |
| Normas de descripción | rda |
| 100 1# - ENTRADA PRINCIPAL--NOMBRE DE PERSONA | |
| 9 (RLIN) | 132858 |
| Nombre de persona | Ramírez Barraza, Vanessa |
| 245 10 - MENCIÓN DE TÍTULO | |
| Título | Análisis de pobreza multidimensional y desigualdad de ingresos en México con un enfoque territorial 2008-2018 / |
| Mención de responsabilidad, etc. | por Vanessa Ramírez Barraza; director de tesis Francisco Pérez Soto. |
| 264 #1 - PRODUCCIÓN, PUBLICACIÓN, DISTRIBUCIÓN, FABRICACIÓN Y COPYRIGHT | |
| Producción, publicación, distribución, fabricación y copyright | Chapingo, México : |
| Nombre del de productor, editor, distribuidor, fabricante | El autor, |
| Fecha de producción, publicación, distribución, fabricación o copyright | 2019. |
| 300 ## - DESCRIPCIÓN FÍSICA | |
| Extensión | 1 recurso en línea ( 94 páginas): |
| Otras características físicas | cuadros, figuras. |
| 336 ## - TIPO DE CONTENIDO | |
| Fuente | rdacontent |
| Término de tipo de contenido | texto |
| Código de tipo de contenido | txt |
| 337 ## - TIPO DE MEDIO | |
| Fuente | rdamedia |
| Nombre/término del tipo de medio | computadora |
| Código del tipo de medio | c |
| 338 ## - TIPO DE SOPORTE | |
| Fuente | rdacarrier |
| Nombre/término del tipo de soporte | recurso en línea |
| Código del tipo de soporte | cr |
| 502 ## - NOTA DE TESIS | |
| Tipo de título | Maestría en Ciencias en Economía Agrícola y de los Recursos Naturales |
| Nombre de la institución que otorga el título | División de Ciencias Económico Administrativas, |
| Año de obtención del título | 2019. |
| Información miscelánea | Maestría |
| 504 ## - NOTA DE BIBLIOGRAFÍA, ETC. | |
| Nota de bibliografía, etc. | Incluye referencias bibliográficas: páginas 74-78. |
| 520 ## - SUMARIO, ETC. | |
| Sumario, etc. | En México históricamente la pobreza y la desigualdad son dos de los problemas socioeconómicos más presentes. Los últimos índices de pobreza indican que el 49.1% de la población se encuentra en condiciones de pobreza, un porcentaje sumamente alto de personas que son vulnerables ya sea por ingresos o por carencias sociales. Esto limita el bienestar tanto económico como social de la mayoría de la población e incurre en desigualdades que si las cuantificamos corresponden al 46% de desigualdad en ingresos. Por tal motivo el presente trabajo tuvo como propósito analizar los cambios en la pobreza y desigualdad a nivel estatal y nacional en México del 2008 al 2018, e identificar el papel que juega la distribución geográfica en la concentración de pobreza y desigualdad. Para lo cual se empleó la Encuesta Nacional de Ingresos y Gastos de los Hogares y la base de datos de los resultados de pobreza en México a nivel nacional y por entidad federativa. Se utilizaron dos métodos, el índice de Gini para identificar las desigualdades y un método comparativo para la pobreza. Los resultados mostraron que la pobreza se redujo en 2.4% en 10 años, sin embargo, la pobreza por zonas geográficas registró un aumento de 2.9% en el sureste de México. Las desigualdades disminuyeron un 5.4% en todo el territorio mexicano, pero la población vulnerable por ingresos registró un notable aumento de 2.2%. Se concluyó que la pobreza disminuyó, sin embargo, en algunas zonas geográficas del país aumentó, como es el caso del sureste. La distribución de ingresos en el país es sumamente inequitativa y se confirma con los aumentos en población vulnerable por ingresos que se dieron en los últimos 10 años. Por tanto, la ubicación geográfica es una variable fundamental para explicar la pobreza y desigualdad. |
| 650 #4 - PUNTO DE ACCESO ADICIONAL DE MATERIA--TÉRMINO DE MATERIA | |
| 9 (RLIN) | 132859 |
| Término de materia o nombre geográfico como elemento de entrada | Pobreza |
| Subdivisión general | Aspectos sociales |
| Subdivisión geográfica | México |
| 650 #4 - PUNTO DE ACCESO ADICIONAL DE MATERIA--TÉRMINO DE MATERIA | |
| 9 (RLIN) | 28518 |
| Término de materia o nombre geográfico como elemento de entrada | Costos y nivel de vida |
| 650 #4 - PUNTO DE ACCESO ADICIONAL DE MATERIA--TÉRMINO DE MATERIA | |
| 9 (RLIN) | 101283 |
| Término de materia o nombre geográfico como elemento de entrada | Salarios mínimos |
| Subdivisión general | México |
| 650 #4 - PUNTO DE ACCESO ADICIONAL DE MATERIA--TÉRMINO DE MATERIA | |
| 9 (RLIN) | 58408 |
| Término de materia o nombre geográfico como elemento de entrada | Ingresos |
| Subdivisión geográfica | México |
| 700 0# - PUNTO DE ACCESO ADICIONAL--NOMBRE DE PERSONA | |
| 9 (RLIN) | 90046 |
| Nombre de persona | Pérez Soto, Francisco |
| Término indicativo de función/relación | director. |
| 856 ## - LOCALIZACIÓN Y ACCESO ELECTRÓNICOS | |
| Identificador Uniforme del Recurso | http://10.13.5.2/tesis/tm/Ramirez_Barraza_Vanessa.pdf |
| Nota pública | DESCARGAR PDF |
| 942 ## - ELEMENTOS DE PUNTO DE ACCESO ADICIONAL (KOHA) | |
| Fuente del sistema de clasificación o colocación | Clasificación Universidad Autónoma Chapingo |
| Tipo de ítem Koha | Tesis digital |
| Estado de retiro | Estado de pérdida | Fuente del sistema de clasificación o colocación | Estado dañado | Restricciones de uso | No para préstamo | Código de colección | Localización permanente | Ubicación/localización actual | Ubicación en estantería | Fecha de adquisición | Total de préstamos | Signatura topográfica completa | Fecha visto por última vez | Precio válido a partir de | Tipo de ítem Koha |
|---|---|---|---|---|---|---|---|---|---|---|---|---|---|---|---|
| Clasificación Universidad Autónoma de Chapingo | Préstamo interno | Tesis digitales de Maestría | Biblioteca Digital | Biblioteca Digital | En línea | 07/06/2023 | Tesis digital | 07/06/2023 | 07/06/2023 | Tesis digital |
